| 000 | 01041nam a2200289 i 4500 | ||
|---|---|---|---|
| 001 | 42927 | ||
| 003 | ES-MaACL | ||
| 005 | 20250722131801.0 | ||
| 007 | t| | ||
| 008 | 030314s1978 sp ||||1| spa d | ||
| 020 | _a84-7214-037-7 | ||
| 245 | 0 | 3 |
_aLa célula viva / _c[versión dirigida por Julio R. Villanueva ; traductores del inglés, Isabel García Acha, Manuel Losada, Claudio Fernández Heredia]. |
| 250 | _a2ª ed., 1ª reimp. | ||
| 260 |
_aMadrid : _bHermann Blume, _c1978. |
||
| 300 |
_a419 p., 1 lám. : _bil. col. y n. ; _c28 cm. |
||
| 490 | 1 | _aSelecciones de Scientific American | |
| 504 | _aBibliografía: p. [410]-419. | ||
| 650 | 0 | 4 |
_aCitología. _9135773 |
| 700 | 1 |
_aVillanueva, Julio R. _9181288 |
|
| 700 | 1 |
_aGarcía Acha, Isabel. _954115 |
|
| 700 | 1 |
_aLosada Villasante, Manuel, _d1929- _9172022 |
|
| 700 | 1 |
_aFernández de Heredia, Claudio. _949664 |
|
| 710 | 2 |
_aScientific American. _96515 |
|
| 830 | 1 |
_aSelecciones de Scientific American _9181289 |
|
| 852 |
_aES-MaACL _jA-9401 |
||
| 999 |
_c42927 _d42927 |
||